| 000 | 00455nam a2200181Ia 4500 | ||
|---|---|---|---|
| 005 | 20260429111944.0 | ||
| 008 | 260429s9999||||xx |||||||||||||| ||und|| | ||
| 020 | _a9788184115147 | ||
| 041 | _aEnglish | ||
| 082 |
_a330.954 _bSHA |
||
| 100 | _aSharma, Alok | ||
| 245 | 0 |
_aIndian economy / _cAlok Sharma |
|
| 260 |
_aNew Delhi : _bSonali Publications, _c2025. |
||
| 300 | _axiii, 325 p.; hb | ||
| 650 | _a India | ||
| 650 | _aEconomics | ||
| 942 | _cTB | ||
| 999 |
_c51606 _d51606 |
||